Name That Fictional Company Quiz Stats

Quiz Updated Dec 28, 2014

Also try: Fictional Logos
Challenge
Share
Tweet
Score 0/20 Timer 06:00
1 Play Today
% Correct
Batman
96.7%
The Simpsons
89.5%
Ghostbusters
89.2%
Iron Man
88.6%
The Office
79.9%
Superman
70.8%
Looney Tunes
63.2%
Arrested Development
57.7%
Mad Men
55.8%
Spider-Man
54.4%
% Correct
Vacation
52%
Breaking Bad
46.3%
Lost
43.4%
Terminator 2: Judgment Day
42.9%
Cars
37.3%
RoboCop
33.1%
Resident Evil
32.7%
Blade Runner
29.2%
Office Space
28.9%
Futurama
28.2%

You're not logged in!

Compare scores with friends on all Sporcle quizzes.
Sign Up with Email
OR
Log In

You Might Also Like...

Show Comments

Extras

Top Quizzes Today


Score Distribution

Your Account Isn't Verified!

In order to create a playlist on Sporcle, you need to verify the email address you used during registration. Go to your Sporcle Settings to finish the process.